Statistics for NFL Teams with the Most Arrests

Click here to take the quiz!

General Stats

  • This quiz has been taken 111 times
  • The average score is 7 of 11

Answer Stats

ArrestsTeam% Correct
55Minnesota Vikings
74%
39Cleveland Browns
70%
40Kansas City Chiefs
70%
34Miami Dolphins
69%
34Seattle Seahawks
69%
54Denver Broncos
64%
37Tampa Bay Buccaneers
62%
50Cincinnati Bengals
61%
39Jacksonville Jaguars
54%
38Tennessee Titans
52%
36Indianapolis Colts
51%

Score Distribution

Percentile by Number Answered

Percent of People with Each Score

Your Score History

You have not taken this quiz